Diccionario filosófico / (Record no. 2361)
[ view plain ]
| 000 -CABECERA | |
|---|---|
| campo de control de longitud fija | 00675nam a2200217 u 4500 |
| 001 - NÚMERO DE CONTROL | |
| campo de control | 000002525 |
| 005 - FECHA Y HORA DE LA ÚLTIMA TRANSACCIÓN | |
| campo de control | 20240301134916.0 |
| 008 - DATOS DE LONGITUD FIJA--INFORMACIÓN GENERAL | |
| campo de control de longitud fija | 090702s1984 dr d 001 0 spa d |
| 040 ## - FUENTE DE LA CATALOGACIÓN | |
| Centro catalogador/agencia de origen | DO-SdBNP |
| 082 ## - NÚMERO DE LA CLASIFICACIÓN DECIMAL DEWEY | |
| Número de clasificación | R 103 |
| Número de documento/Ítem | H557d, 1984 |
| 049 ## - FONDOS LOCALES (OCLC) | |
| Fondos de biblioteca | BNPD |
| 100 1# - ENTRADA PRINCIPAL--NOMBRE DE PERSONA | |
| Nombre de persona | Hernández Disla, Pablo María, |
| Fechas asociadas al nombre | 1942- |
| 9 (RLIN) | 11 |
| 245 10 - MENCIÓN DE TÍTULO | |
| Título | Diccionario filosófico / |
| Mención de responsabilidad, etc. | Pablo María Hernández. |
| 250 ## - MENCIÓN DE EDICIÓN | |
| Mención de edición | 2a ed. ampl. |
| 260 ## - PUBLICACIÓN, DISTRIBUCIÓN, ETC. | |
| Lugar de publicación, distribución, etc. | Santo Domingo : |
| Nombre del editor, distribuidor, etc. | Talleres Gráficos, |
| Fecha de publicación, distribución, etc. | [1984]. |
| 300 ## - DESCRIPCIÓN FÍSICA | |
| Extensión | 181 p. ; |
| Dimensiones | 21 cm. |
| 504 ## - NOTA DE BIBLIOGRAFÍA, ETC. | |
| Nota de bibliografía, etc. | Bibliografía: p. 181-182 |
| 650 #4 - PUNTO DE ACCESO ADICIONAL DE MATERIA--TÉRMINO DE MATERIA | |
| Término de materia o nombre geográfico como elemento de entrada | Filosofía |
| Subdivisión de forma | DICCIONARIOS |
| 9 (RLIN) | 7932 |
| 650 #4 - PUNTO DE ACCESO ADICIONAL DE MATERIA--TÉRMINO DE MATERIA | |
| Término de materia o nombre geográfico como elemento de entrada | Ciencias políticas |
| Subdivisión de forma | DICCIONARIOS |
| 9 (RLIN) | 7933 |
| 910 ## - DATOS DE OPCIÓN DEL USUARIO (OCLC) | |
| Datos de opción del usuario | Jornada de catalogación |
| Estado de retiro | Estado de pérdida | No para préstamo | Código de colección | Localización permanente | Ubicación/localización actual | Ubicación en estantería | Fecha de adquisición | Número de inventario | Total de préstamos | Signatura topográfica completa | Código de barras | Fecha visto por última vez | Número de copia | Precio válido a partir de | Tipo de ítem Koha | Nota pública | Restricciones de uso |
|---|---|---|---|---|---|---|---|---|---|---|---|---|---|---|---|---|---|
| Excluido de préstamo | Referencia General | General | Biblioteca Nacional Pedro Henríquez Ureña | Depósito | 01.09.2011 | LF1 | R103 H557d, 1984 | 2525-30 | 25.06.2020 | e. 3 | 25.06.2020 | Préstamo en sala | Perteneció a la biblioteca personal de Juan Isidro Jimenez | ||||
| Excluido de préstamo | Referencia General | General | Biblioteca Nacional Pedro Henríquez Ureña | Depósito | 05.09.2017 | LF1 | R103 H557d, 1984 | 2525-60 | 25.06.2020 | e. 4 | 25.06.2020 | Préstamo en sala | |||||
| Excluido de préstamo | Dominicana de Servicio | Biblioteca Nacional Pedro Henríquez Ureña | Biblioteca Nacional Pedro Henríquez Ureña | Depósito | 02.07.2009 | LF1 | R103 H557d, 1984 | 2525-10 | 25.06.2020 | 25.06.2020 | Préstamo en sala | Préstamo en sala | |||||
| Excluido de préstamo | Dominicana de Servicio | Biblioteca Nacional Pedro Henríquez Ureña | Biblioteca Nacional Pedro Henríquez Ureña | Depósito | 02.07.2009 | LF1 | R103 H557d, 1984 | 2525-20 | 25.06.2020 | e. 2 | 25.06.2020 | Préstamo en sala | Préstamo en sala | ||||
| Excluido de préstamo | Dominicana de Servicio | Biblioteca Nacional Pedro Henríquez Ureña | Biblioteca Nacional Pedro Henríquez Ureña | Depósito | 05.09.2017 | LF1 | R103 H557d, 1984 | 2525-70 | 25.06.2020 | e. 4 | 25.06.2020 | Préstamo en sala | Préstamo en sala |
